Prošivka v kosovalkovych stanach

Guardado en:
Detalles Bibliográficos
Formato: Libro
Lenguaje:ruso
Publicado: Moskva : Metallurgija, 1967
Materias:
Etiquetas: Agregar Etiqueta
Sin Etiquetas, Sea el primero en etiquetar este registro!

MARC

LEADER 00000nam a22000003a 4500
001 stu41035
005 20141122044003.5
008 930621s1967----xxr-----------------rus-d
040 |a STU  |b slo 
041 0 |a rus 
044 |a xxr 
080 |a 621.774.35 
245 |a Prošivka v kosovalkovych stanach 
260 |a Moskva :  |b Metallurgija,  |c 1967 
300 |a 239 s 
650 7 |a valcovanie  |2 stusub 
650 7 |a rúry  |2 stusub 
996 |b 284M061914  |c M*3072-1  |l MMKN  |s A  |a 24  |w stu41035_0001